000 00779cam a2200277 4500
001 1790154
003 PILC
005 20150522103929.0
008 710419s1967 ii a b 000 0 eng
010 _a 77913009
020 _a0440300118
040 _aDLC
_cDLC
_dDLC
041 1 _aeng
_hita
050 0 0 _aBF 721
_b.M781 1967
100 1 _aMontessori, Maria,
_d1870-1952.
240 1 0 _aMente del bambino.
_lEnglish
245 1 4 _aThe absorbent mind /
_cMaria Montessori.
260 _aUS :
_bLaurel,
_c1967.
300 _aviii, 298 pages :
_billustrations ;
_c18 cm.
350 _a20.00
500 _aIncludes index.
650 0 _aChild psychology.
650 0 _aEducational psychology.
906 _a7
_bcbc
_corignew
_d4
_encip
_f19
_gy-gencatlg
942 _2lcc
_cBK
_kFOR
999 _c284312
_d284312